| 000 | 01211nam a22002777a 4500 | ||
|---|---|---|---|
| 003 | dpl | ||
| 005 | 20180711163108.0 | ||
| 008 | 180711b xxu||||| |||| 00| 0 eng d | ||
| 010 | _aA-908497 | ||
| 020 |
_c150.00 _a8171500080 |
||
| 035 | _aA-908497, A-908522 | ||
| 037 | _bCen Lib/Ret | ||
| 040 |
_aDPL _bHN _c0 |
||
| 082 |
_aक _bविक्रम |
||
| 100 |
_aविक्रम , नन्द किशोर _95593 |
||
| 245 |
_aउर्दू कहानीकार सुदर्शन और उनकी श्रेष्ठ कहानियां / _c नन्द किशोर विक्रम |
||
| 246 |
_aUrdu kahanikar Sudarshan aur unki shreshth kahaniyan _b by Nand Kishor Vikram |
||
| 260 |
_a दिल्ली _bइन्द्र प्रस्थ प्रकाशन _c1998 |
||
| 270 |
_aके- 71, कृषण नगर _bदिल्ली _e110051 |
||
| 300 |
_a160पृष्ठ. _c20(सजिल्द) |
||
| 650 |
_aहिंदी साहित्य _958399 |
||
| 650 |
_aहिंदी कहानी _958400 |
||
| 650 |
_ahindi literature _958401 |
||
| 650 |
_aHindi Story _943117 |
||
| 942 |
_2ddc _cHN _hक _mविक्रम |
||
| 999 |
_c114801 _d114801 |
||